| 000 | 00632nam a22001817a 4500 | ||
|---|---|---|---|
| 003 | BD-ChCU | ||
| 005 | 20251208143914.0 | ||
| 008 | 251208b bg ||||| |||| 00| 0 ben d | ||
| 040 | _cBD-ChCU | ||
| 082 |
_222 _a330.95 ALW |
||
| 100 |
_aAllen, G. C. _917721 |
||
| 245 |
_aWestern enterprise in for eastern economic development ; China and Japan ... / _cG. C. Allen and Andrey G. Donnithorne |
||
| 260 |
_aLondon : _bGeorge Allen & Unwin, _cc1962 |
||
| 300 | _a291p. : | ||
| 650 | 0 |
_aChina - economic conditions Japan - Economic conditions _917723 |
|
| 700 |
_aDonnithorne, Andrey G. _eJt. Author _917729 |
||
| 942 |
_2ddc _cBK _n0 |
||
| 999 |
_c110244 _d110244 |
||